000 00414pab a2200169 454500
008 180718b2012 xxu||||| |||| 00| 0 eng d
100 _aSchrawat, Satbir Singh
245 _aQuality assurance in higher education
260 _c2012
300 _ap.15-21,27.
362 _a25 June
650 _aHigher education
650 _aEducational quality
773 _aUniversity News
908 _aN
909 _a96807
999 _c96807
_d96807